Missing Word: Entertainment A Quiz Stats

 Plays Quiz Updated Nov 14, 2017

Challenge
Share
Tweet
Embed
Score 0/20 Timer 04:00
2 Plays Today
Hint Answer % Correct
BookAlice
98.8%
MovieAttached
98.2%
MusicalAll
96.2%
MovieArabia
94%
MusicalAnnie
87.7%
BookArms
84.2%
AlbumAbbey
83.8%
MovieAnimal
83.8%
MusicalAngels
81.2%
MovieAge
80.4%
Hint Answer % Correct
MusicalAnything
75.8%
BookAfrica
74.7%
BookAngela's
66.2%
AlbumAim
46.9%
MovieAvengers
33.6%
AlbumAchtung
23.7%
AlbumAutomatic
18.7%
BookAugust
15.1%
AlbumAstral
9.4%
MusicalAspects
9.1%

Today's Daily Dose

You're not logged in!

Compare scores with friends on all Sporcle quizzes.
Join for Free
OR
Log In

You Might Also Like...

Show Comments

Extras

Top Quizzes Today


Score Distribution

Your Account Isn't Verified!

In order to create a playlist on Sporcle, you need to verify the email address you used during registration. Go to your Sporcle Settings to finish the process.

Report this User

Report this user for behavior that violates our Community Guidelines.

Details: